OECD Economic Outlook 104 November 2018

Na minha lista:
Detalhes bibliográficos
Formato: Livro
Idioma:inglês
Publicado em: Paris OECD 2018
Colecção:OECD Economic Outlook
Assuntos:
Tags: Adicionar Tag
Sem tags, seja o primeiro a adicionar uma tag!

MARC

LEADER 00000nam a2200000 4500
001 0253702
005 20221220065717.8
020 |a 978-92-64-30872-5 
041 0 |a eng 
044 |a FR 
245 1 0 |a OECD Economic Outlook 104  |b November 2018 
264 1 |a Paris  |b OECD  |c 2018 
300 |a 283 s. 
490 1 |a OECD Economic Outlook 
830 0 |a OECD Economic Outlook 
610 2 0 |a situácia hospodárska 
610 2 0 |a makroekonomika 
610 2 0 |a politika verejná 
610 2 0 |a mzdy 
610 2 0 |a produktivita 
610 2 0 |a vývoj hospodársky 
610 2 0 |a prognózy 
610 2 0 |a ukazovatele ekonomické 
610 2 0 |a porovnanie štatistické medzinárodné